000 03787nam0a2200445 4500
001 RU\NLR\BIBL_A\012231242
005 20260408063034.0
035 _a(NLR Aleph) 012231242
090 _a10986356
_c10986356
100 _a20200227d1899 |||y0rusy50 ca
101 0 _arus
102 _aRU
105 _ay z 000zy
181 0 _ai
_baxxe
182 0 _an
200 1 _aГосподину Государственному Секретарю
_fМинистерство Внутренних Дел. Департамент Хозйственный. По Страховому Отделу. 26 октября 1899 года. № 11003
203 _aТекст
_bвизуальный
_cнепосредственный
210 _a[С.-Петербург
_cб. и.]
_d1899
215 _a2 с.
_d33
300 _aТекст начинается словами: При отношении от 30 Сентября сего года за № 2807, Ваше Высокопревосходительство изволили препроводить на заключение Министерства Внутренних Дел представление Министра Финансов, за № 4473, с проектом положения о пенсионной кассе вольнонаемных служащих по казенной продаже питей ...
300 _aНа с. 1: CMX, 1
300 _aВ конце текста: Подписал: За Управляющего Министерством Внутренних Дел, Товарищ Министра Князь А. Оболенский; Скрепил: За Директора, Управляющий Отделом Остроградский
309 _aБез тит. л. и обл.
517 1 _aПри отношении от 30 Сентября сего года за № 2807, Ваше Высокопревосходительство изволили препроводить на заключение Министерства Внутренних Дел представление Министра Финансов, за № 4473, с проектом положения о пенсионной кассе вольнонаемных служащих по казенной продаже питей ...
601 0 1 _aРоссия
_bМинистерство внутренних дел
_bХозяйственный департамент
_jДокументы и материалы
_92414171
_3RU\NLR\AUTH\6601657183
601 0 2 _aПенсионная касса вольнонаемных служащих по казенной продаже питей
_cСанкт-Петербург, город
_92464806
_3RU\NLR\AUTH\6601681648
686 3 _aХ819(2)112.01,011
686 3 _aУ27(28)195
702 1 _4720
_7ca
_8rus
_aОболенский
_bА. Д.
_cкнязь, гос. деятель
_f1855-1933
_gАлексей Дмитриевич
_9198115
_3RU\NLR\AUTH\770198166
702 1 _aОстроградский
_4720
711 0 1 _aРоссия
_bГосударственная канцелярия
_3RU\NLR\AUTH\889934420
_9363940
711 0 1 _aРоссия
_bМинистерство внутренних дел
_3RU\NLR\AUTH\8810033038
_9564612
712 0 1 _4570
_aРоссия
_bМинистерство внутренних дел
_bХозяйственный департамент
_bСтраховой отдел
_3RU\NLR\AUTH\889941990
_9378825
712 0 2 _4570
_aПенсионная касса вольнонаемных служащих по казенной продаже питей
_cПетербург
_3RU\NLR\AUTH\8810138440
_9772218
852 _aNLR
_j135/294-346 (52)
942 _cBOOK
980 _aNB